Políticas de comunicación formales e informales y democratización de América Latina: El caso de Guatemala /
El documento consiste en una traducción de la tesis presentada por Hans Kobertein, en la Universidad Libre de Berlín en 1999, en torno al tema de las políticas de comunicación formales e informales en Guatemala.
Kaydedildi:
| Yazar: | |
|---|---|
| Materyal Türü: | Metin |
| Dil: | Spanish |
| Baskı/Yayın Bilgisi: |
Guatemala:
Fundación Friedrich Ebert
2000
|
| Konular: | |
| Etiketler: |
Etiketle
Etiket eklenmemiş, İlk siz ekleyin!
|
MARC
| LEADER | 00000 a a2200000 04500 | ||
|---|---|---|---|
| 001 | 38945 | ||
| 003 | cru CIDCACS/IIS | ||
| 005 | 20230621115642.0 | ||
| 008 | 230621e2000 gt ||||| |||| 00| 0 spa d | ||
| 040 | |c CRAI/IIS | ||
| 090 | |a 04.02.02 K75p | ||
| 100 | |a Koberstein, Hans | ||
| 245 | |a Políticas de comunicación formales e informales y democratización de América Latina: El caso de Guatemala / |c Hans Koberstein | ||
| 260 | |a Guatemala: |b Fundación Friedrich Ebert |c 2000 | ||
| 300 | |a 199 páginas | ||
| 520 | |a El documento consiste en una traducción de la tesis presentada por Hans Kobertein, en la Universidad Libre de Berlín en 1999, en torno al tema de las políticas de comunicación formales e informales en Guatemala. | ||
| 650 | |a COMUNICACION | ||
| 650 | |a DEMOCRACIA | ||
| 650 | |a MEDIOS DE COMUNICACION | ||
| 650 | |a INVESTIGACION | ||
| 650 | |a LIBERTAD DE OPINION | ||
| 650 | |a ESTADO | ||
| 650 | |a GUATEMALA | ||
| 942 | |2 ddc |c LI |h 04.02.02 K75p |i 06036 |6 040202_K75P_06036 | ||
| 999 | |c 10534 |d 10534 | ||
